PET : (Registro nro. 28560)
[ vista simple ]
| 000 -LEADER | |
|---|---|
| fixed length control field | 01364cam a2200361 i 4500 |
| 001 - CONTROL NUMBER | |
| control field | 28560 |
| 003 - CONTROL NUMBER IDENTIFIER | |
| control field | Mx-PuUPA |
| 005 - DATE AND TIME OF LATEST TRANSACTION | |
| control field | 20251127195804.0 |
| 008 - FIXED-LENGTH DATA ELEMENTS--GENERAL INFORMATION | |
| fixed length control field | 140415s1977 mx gr 000 0 spa d |
| 020 ## - INTERNATIONAL STANDARD BOOK NUMBER | |
| International Standard Book Number | 9681303458 |
| 040 ## - CATALOGING SOURCE | |
| Original cataloging agency | Mx-PuUPA |
| Language of cataloging | spa |
| Transcribing agency | Mx-PuUPA |
| Modifying agency | Mx-PuUPA |
| Description conventions | rda |
| 041 1# - LANGUAGE CODE | |
| Language code of text/sound track or separate title | spa |
| Language code of original | eng |
| 100 1# - MAIN ENTRY--PERSONAL NAME | |
| Personal name | Gordon, Thomas, |
| Dates associated with a name | 1918-2002 |
| 9 (RLIN) | 17704 |
| Relator term | autor |
| 240 10 - UNIFORM TITLE | |
| Uniform title | P.E.T. parent efectiveness training. |
| Language of a work | Español |
| 245 10 - TITLE STATEMENT | |
| Title | PET : |
| Remainder of title | padres eficaz y técnicamente preprados / |
| Medium | Dr. Thomas Gordon ; traducción, guadalupe García de León del Paso |
| 250 ## - EDITION STATEMENT | |
| Edition statement | Primera edición / |
| Remainder of edition statement | febrero |
| 264 #1 - PRODUCTION, PUBLICATION, DISTRIBUTION, MANUFACTURE, AND COPYRIGHT NOTICE | |
| Place of production, publication, distribution, manufacture | México, D.F. : |
| Name of producer, publisher, distributor, manufacturer | Editorial Diana, |
| Date of production, publication, distribution, manufacture, or copyright notice | ©1977 |
| 300 ## - PHYSICAL DESCRIPTION | |
| Extent | 307 páginas ; |
| Dimensions | 21 cm |
| 336 ## - CONTENT TYPE | |
| Fuente | rdacontent |
| Content type term | texto |
| Content type code | txt |
| 337 ## - MEDIA TYPE | |
| Source | rdamedia |
| Media type term | sin medio |
| Media type code | n |
| 338 ## - CARRIER TYPE | |
| Source | rdacarrier |
| Carrier type term | volumen |
| Carrier type code | nc |
| 500 ## - GENERAL NOTE | |
| General note | "Nuevo sistema comprobado para formar hijos responsables". -- Cubierta |
| 650 #7 - SUBJECT ADDED ENTRY--TOPICAL TERM | |
| Source of heading or term | armarc |
| Topical term or geographic name entry element | Educación en familia |
| 650 #7 - SUBJECT ADDED ENTRY--TOPICAL TERM | |
| Source of heading or term | armarc |
| Topical term or geographic name entry element | Crianza de niños |
| 650 #7 - SUBJECT ADDED ENTRY--TOPICAL TERM | |
| Source of heading or term | armarc |
| Topical term or geographic name entry element | Padres e hijos |
| 650 #7 - SUBJECT ADDED ENTRY--TOPICAL TERM | |
| Source of heading or term | armarc |
| Topical term or geographic name entry element | Educación de padres |
| 700 1# - ADDED ENTRY--PERSONAL NAME | |
| Personal name | García de León del Paso, Guadalupe, |
| Relator term | traductor |
| 740 ## - ADDED ENTRY--UNCONTROLLED RELATED/ANALYTICAL TITLE | |
| Uncontrolled related/analytical title | PARENT EFECTIVENESS TRAINING |
| 765 ## - ORIGINAL LANGUAGE ENTRY | |
| Main entry heading | Gordon, Thomas, 1918-2002 |
| Title | P.E.T. parent efectiveness training. |
| 942 ## - ADDED ENTRY ELEMENTS (KOHA) | |
| Source of classification or shelving scheme | Dewey Decimal Classification |
| Koha item type | Libro |
| Classification part | 649.1 |
| Item part | G6618 |
| Withdrawn status | Lost status | Source of classification or shelving scheme | Damaged status | Not for loan | Collection code | Home library | Current library | Shelving location | Date acquired | Source of acquisition | Total Checkouts | Full call number | Barcode | Date last seen | Date last checked out | Price effective from | Koha item type |
|---|---|---|---|---|---|---|---|---|---|---|---|---|---|---|---|---|---|
| Dewey Decimal Classification | General | Tehuacán | Tehuacán | Sala general | 03/12/2013 | Compra | 1 | 649.1 G6618 1977 | 968000002947 | 08/01/2025 | 09/04/2019 | 03/12/2013 | Libro |